| 000 | 00361nam a2200133Ia 4500 | ||
|---|---|---|---|
| 008 | 150201s2013 xx 000 0 und d | ||
| 082 |
_a4.165 _bBRE 8TH |
||
| 100 | _aBrey, Barry B | ||
| 245 | 4 | _aThe Intel microprocessors architecture, programming, and interfacing | |
| 250 | _a8th Ed. | ||
| 260 |
_bPearson _aN.Delhi _c2013 |
||
| 300 | _a926p. | ||
| 942 |
_2ddc _cBK |
||
| 999 |
_c5564 _d5564 |
||